Normal view
MARC view
- Sayyid Rizwan Gillani
Entry Personal Name
001 - CONTROL NUMBER
- control field: 6835
003 - CONTROL NUMBER IDENTIFIER
- control field: NUST
005 - DATE AND TIME OF LATEST TRANSACTION
- control field: 20171129120623.0
008 - FIXED-LENGTH DATA ELEMENTS
- fixed length control field: 171129|| aca||aabn | a|a d
040 ## - CATALOGING SOURCE
- Original cataloging agency: NUST
- Transcribing agency: NUST
100 ## - HEADING--PERSONAL NAME
- Personal name: Sayyid Rizwan Gillani
670 ## - SOURCE DATA FOUND
- Source citation: Work cat.: (NUST): Tazkarah sheikh ul mashaikh sheikh Sayyid Ahmad Wali RA. / , 2016
